Normal view
MARC view
- Physics of atoms and molecules.
Entry Uniform Title
001 - CONTROL NUMBER
- control field: 8798
003 - CONTROL NUMBER IDENTIFIER
- control field: NUST
005 - DATE AND TIME OF LATEST TRANSACTION
- control field: 20180118140733.0
008 - FIXED-LENGTH DATA ELEMENTS
- fixed length control field: 180118|| aca||aabn | a|a d
040 ## - CATALOGING SOURCE
- Original cataloging agency: NUST
- Transcribing agency: NUST
130 ## - HEADING--UNIFORM TITLE
- Uniform title: Physics of atoms and molecules.
670 ## - SOURCE DATA FOUND
- Source citation: Work cat.: (NUST)29488: Becker, Uwe. 8796, Complete scattering experiments /, 2001.
